| 000 | 00578nam a2200217Ia 4500 | ||
|---|---|---|---|
| 003 | 0100 | ||
| 008 | 130303s9999 xx 000 0 und d | ||
| 040 | _cARRUPELIB | ||
| 050 | _aJX1308.M561997 | ||
| 100 | _aMinix, Dean A | ||
| 245 | _aGlobal politics | ||
| 260 | _aSt. Paul | ||
| 260 | _bWest Publishing | ||
| 260 | _C1997 | ||
| 300 | _axx | ||
| 300 | _b 559p. 26cm. | ||
| 650 | _bRilke, Rainer Maria, 1875-1926-Correspondence | ||
| 650 | _cAuthors, German-20th century-Correspondence | ||
| 700 | _aDean A. Minix, Sandra M. Hawley , Hawley, Sandra | ||
| 942 | 0 | 0 | _01 |
| 999 |
_c17307 _d17307 |
||